000 00670nam a2200289Ia 4500
005 20260324144040.0
008 008 260324s9999 xx 000 0 eng d
020 _a9781315493411
037 _aEBOOK
040 _aCRL
040 _beng
040 _cCRL
041 _2eng
041 _aeng
084 _qCRL
100 _aZhongmei Yang
_91217879
245 0 _aHu Yao-Bang: A Chinese Biography
245 2 _bA Chinese Biography
260 _bTaylor and Francis
260 _c1989
365 _a
365 _b255
856 _uhttp://www.taylorfrancis.com/books/9781315493411
942 _cEBOOK
999 _c1824026
_d1824026